[Event "Open SSM Inverno"]
[Site "Milano ITA"]
[Date "2015.01.22"]
[Round "4"]
[White "Astengo, Corrado"]
[Black "Giaretta, Fulvio"]
[WhiteElo "2123"]
[BlackElo "1818"]
[Result "1-0"]
[PlyCount "129"]
[EventDate "2015.02.05"]

1. e4 e5 2. Nf3 Nc6 3. Bc4 Bc5 4. O-O Nf6 5. d4 Bxd4 6. Nxd4 Nxd4 7. Bg5 d5 8.
exd5 Nf5 9. Re1 O-O 10. Rxe5 Qd6 11. Re1 Bd7 12. Nc3 a6 13. Qd2 Rfe8 14. a3 h6
15. Bf4 Qc5 16. Bd3 Rad8 17. Ne4 Nxe4 18. Bxe4 Nd6 19. Bd3 Nc4 20. Qc3 Rxe1+
21. Rxe1 b5 22. b3 Qxa3 23. Bc1 Qa5 24. Qxa5 Nxa5 25. Bf4 Nb7 26. Bxc7 Ra8 27.
Re7 Nc5 28. Bb6 Nxd3 29. cxd3 Re8 30. Rxe8+ Bxe8 31. f4 f5 32. Kf2 Kf7 33. Ke3
Ke7 34. Kd4 Kf6 35. Kc5 Ke7 36. Kd4 Kf6 37. Bd8+ Kf7 38. Ke5 Bd7 39. b4 Ke8 40.
Bb6 Bc8 41. Kd6 Bb7 42. g3 Kf7 43. Be3 Ke8 44. Bc5 Kf7 45. Ke5 Bc8 46. h4 h5
47. Kd6 Bb7 48. Bd4 Kf8 49. Be5 Kf7 50. d4 Kf8 51. Kc5 Ke8 52. Bxg7 Kd7 53. d6
Be4 54. Be5 Bd3 55. Kb6 Bc4 56. Kxa6 Bd3 57. Kb6 Be2 58. Kc5 Bd3 59. d5 Be2 60.
Bf6 Bf1 61. Be7 Be2 62. Kd4 Bd1 63. Ke5 Bc2 64. Kf6 Bd3 65. Kg6 1-0

[Event "Open SSM Inverno"]
[Site "Milano ITA"]
[Date "2015.01.22"]
[Round "4"]
[White "Casamassima, Paolo"]
[Black "Pasini, Nicolo'"]
[WhiteElo "1709"]
[BlackElo "1644"]
[Result "0-1"]
[PlyCount "90"]
[EventDate "2015.02.05"]

1. d4 Nf6 2. c4 g6 3. g3 Bg7 4. Bg2 d5 5. Nc3 dxc4 6. Qa4+ Nfd7 7. Qxc4 Nb6 8.
Qd3 Qxd4 9. Qxd4 Bxd4 10. Bh6 c6 11. Rd1 Bxc3+ 12. bxc3 Be6 13. a3 N8d7 14. Nf3
Nc4 15. a4 Nc5 16. Ng5 Nxa4 17. Nxe6 fxe6 18. Rd4 Nab6 19. O-O e5 20. Rd3 a5
21. f4 a4 22. fxe5 Nxe5 23. Rd4 a3 24. Bg7 a2 25. Ra1 c5 26. Rd2 Nec4 27. Rdxa2
Rxa2 28. Rxa2 Rg8 29. Bh6 g5 30. Be4 Nd6 31. Bb1 Nf7 32. Rb2 Nd7 33. Ba2 Rg6
34. Bxg5 Rxg5 35. Rxb7 Nd6 36. Ra7 c4 37. Ra8+ Kf7 38. Bb1 Nb6 39. Ra6 Nd5 40.
Ra5 Kf6 41. Bxh7 Nxc3 42. Rxg5 Kxg5 43. Kf2 Kg4 44. h4 Nce4+ 45. Kg2 Nxg3 0-1

[Event "Open SSM Inverno"]
[Site "Milano ITA"]
[Date "2015.01.22"]
[Round "4"]
[White "Ciciotti, Augusto"]
[Black "Di Paola, Antonio"]
[WhiteElo "1882"]
[BlackElo "1717"]
[Result "0-1"]
[PlyCount "94"]
[EventDate "2015.02.05"]

1. d4 Nf6 2. c4 e6 3. g3 Bb4+ 4. Bd2 Qe7 5. Bg2 Bxd2+ 6. Qxd2 Nc6 7. a3 a5 8.
Nc3 O-O 9. Nf3 d6 10. O-O e5 11. d5 Nb8 12. e4 Na6 13. Qc2 Bg4 14. Ne1 Nc5 15.
b3 a4 16. b4 Nb3 17. Ra2 Nd4 18. Qd2 h5 19. f3 Bd7 20. Nd3 Nh7 21. Qe3 h4 22.
Re1 hxg3 23. hxg3 Qg5 24. f4 Qe7 25. Ne2 Nb3 26. Rc2 Nf6 27. fxe5 dxe5 28. Qg5
Nxd5 29. Qxe5 Qxe5 30. Nxe5 Ne3 31. Rc3 Nxg2 32. Nxd7 Nxe1 33. Nxf8 Nf3+ 34.
Rxf3 Kxf8 35. Nc3 Nd2 36. Rf5 Nxc4 37. Rc5 Nxa3 38. Rxc7 Nc2 39. Nd5 a3 40. Nc3
Nxb4 41. Rxb7 a2 42. Nxa2 Nxa2 43. Kf2 Nc3 44. Ke3 Ra3 45. g4 Nd5+ 46. Kd4 Nf6
47. g5 Ng4 0-1

[Event "Open SSM Inverno"]
[Site "Milano ITA"]
[Date "2015.01.22"]
[Round "4"]
[White "Colombo, Abner"]
[Black "Bracco, Valter"]
[WhiteElo "1307"]
[BlackElo "1458"]
[Result "0-1"]
[PlyCount "40"]
[EventDate "2015.02.05"]

1. e4 c5 2. c3 Nf6 3. Qc2 Nc6 4. Nf3 d6 5. Bc4 a6 6. a3 e6 7. b4 b5 8. Ba2 c4
9. O-O Bb7 10. Re1 g6 11. d3 cxd3 12. Qxd3 Bg7 13. c4 Nd7 14. Nc3 Nde5 15. Nxe5
Nxe5 16. Qg3 bxc4 17. Bb1 Nd3 18. Bxd3 Bxc3 19. Bh6 Bxa1 20. Rxa1 cxd3 0-1

[Event "Open SSM Inverno"]
[Site "Milano ITA"]
[Date "2015.01.22"]
[Round "4"]
[White "Fattori, Arnaldo"]
[Black "Silari, Andrea"]
[WhiteElo "1478"]
[BlackElo "1719"]
[Result "0-1"]
[PlyCount "94"]
[EventDate "2015.02.05"]

1. d4 Nf6 2. c4 g6 3. Nc3 Bg7 4. e4 d6 5. Be2 O-O 6. Nf3 e5 7. Be3 Nc6 8. h3 a5
9. a3 Nh5 10. Qd2 exd4 11. Nxd4 Nxd4 12. Bxd4 Bxd4 13. Qxd4 Nf4 14. Bf3 Bd7 15.
Nd5 Nxd5 16. cxd5 f5 17. O-O fxe4 18. Bxe4 Qg5 19. Qd3 Rf4 20. Rae1 Re8 21. Re3
Bxh3 22. Rxh3 Rfxe4 23. Qb5 Re1 24. Qd3 Rxf1+ 25. Qxf1 Qxd5 26. Rc3 c5 27. Qd3
Qc6 28. Qd1 Re6 29. Rf3 d5 30. Qc1 Qd6 31. b3 Qe7 32. Qf4 Re1+ 33. Kh2 Qe5 34.
Kg3 Kg7 35. Re3 Rxe3+ 36. fxe3 Qxf4+ 37. Kxf4 Kf6 38. Kg4 b5 39. Kf3 Ke5 40.
Ke2 Ke4 41. Kd2 h5 42. Ke2 g5 43. g3 h4 44. g4 h3 45. Kf2 h2 46. Kg2 Kxe3 47.
Kxh2 d4 0-1

[Event "Open SSM Inverno"]
[Site "Milano ITA"]
[Date "2015.01.22"]
[Round "4"]
[White "Marchesotti, Giovanni"]
[Black "Villalba, Fernando"]
[WhiteElo "1479"]
[BlackElo "1833"]
[Result "1/2-1/2"]
[PlyCount "37"]
[EventDate "2015.02.05"]

1. c4 c5 2. Nc3 d6 3. Nf3 Nc6 4. e3 g6 5. d4 cxd4 6. exd4 Bg7 7. Be3 Nf6 8. d5
Nb8 9. Bd3 O-O 10. O-O Ng4 11. Bd4 Nf6 12. Re1 Bg4 13. h3 Bxf3 14. Qxf3 Nbd7
15. Re2 Re8 16. Rae1 a6 17. b4 Rc8 18. a4 b6 19. g4 1/2-1/2

[Event "Open SSM Inverno"]
[Site "Milano ITA"]
[Date "2015.01.22"]
[Round "4"]
[White "Montaruli, Roberto"]
[Black "Mariano, Elia"]
[WhiteElo "1844"]
[BlackElo "2229"]
[Result "0-1"]
[PlyCount "42"]
[EventDate "2015.02.05"]

1. d4 Nf6 2. Nc3 d5 3. Bg5 Nbd7 4. f3 c6 5. Qd2 h6 6. Bxf6 Nxf6 7. e4 dxe4 8.
fxe4 e5 9. Nf3 exd4 10. Nxd4 Bb4 11. O-O-O O-O 12. Qe3 Qe7 13. Bd3 Bxc3 14.
bxc3 Nd5 15. Qf2 Nxc3 16. Rde1 Nxa2+ 17. Kb2 Nb4 18. Bc4 Qc5 19. Bb3 Be6 20.
Rhf1 Bxb3 21. cxb3 Nd3+ 0-1

[Event "Open SSM Inverno"]
[Site "Milano ITA"]
[Date "2015.01.22"]
[Round "4"]
[White "Papale, Carmelo"]
[Black "Frignani, Alessandro"]
[WhiteElo "1799"]
[BlackElo "1378"]
[Result "1-0"]
[PlyCount "35"]
[EventDate "2015.02.05"]

1. e4 e5 2. Nf3 Qf6 3. Nc3 c6 4. Bc4 Bc5 5. d3 h6 6. Be3 Be7 7. Qd2 Bb4 8. a3
Ba5 9. O-O-O Ne7 10. d4 Bxc3 11. Qxc3 exd4 12. Bxd4 Qf4+ 13. Kb1 f6 14. e5 Nf5
15. exf6 Nxd4 16. fxg7 Rg8 17. Rxd4 Qf5 18. Bxg8 1-0

[Event "Open SSM Inverno"]
[Site "Milano ITA"]
[Date "2015.01.22"]
[Round "4"]
[White "Pelizzola, Danilo"]
[Black "Aloe, Giancarlo"]
[WhiteElo "2053"]
[BlackElo "1631"]
[Result "1-0"]
[PlyCount "63"]
[EventDate "2015.02.05"]

1. e4 c5 2. Nf3 e6 3. d4 cxd4 4. Nxd4 a6 5. Nc3 Nc6 6. Be3 Bb4 7. Bd3 Nf6 8.
O-O Qc7 9. Nxc6 bxc6 10. f4 d5 11. e5 Bxc3 12. bxc3 Ne4 13. Bxe4 dxe4 14. Bc5
a5 15. Qd4 Ba6 16. Rfd1 Rd8 17. Bd6 Rxd6 18. exd6 Qd7 19. Qxg7 Rf8 20. Rab1 Bc8
21. Rb6 f5 22. Qd4 Rg8 23. Rb8 Kf7 24. c4 h5 25. c5 h4 26. Rdb1 Kg6 27. R1b7
Qxb7 28. Rxb7 Bxb7 29. d7 Rd8 30. Qd6 Kf7 31. Qc7 Ke7 32. Qxb7 1-0

[Event "Open SSM Inverno"]
[Site "Milano ITA"]
[Date "2015.01.22"]
[Round "4"]
[White "Rutigliano, Cesare"]
[Black "Pollio, Ciro"]
[WhiteElo "1625"]
[BlackElo "1785"]
[Result "0-1"]
[PlyCount "106"]
[EventDate "2015.02.05"]

1. e4 c5 2. Nc3 Nc6 3. f4 e6 4. Nf3 d5 5. e5 Nge7 6. b3 a6 7. Bd3 b5 8. O-O Qb6
9. Kh1 Nb4 10. Be2 Bb7 11. d3 Nf5 12. a4 Be7 13. axb5 axb5 14. Rxa8+ Bxa8 15.
Qd2 d4 16. Nd1 O-O 17. Ne1 Nd5 18. Bf3 Nde3 19. Nxe3 Nxe3 20. Rg1 Nd5 21. Qf2
Qd8 22. Bd2 Bh4 23. g3 Be7 24. h4 f6 25. exf6 Nxf6 26. Bxa8 Qxa8+ 27. Nf3 Ng4
28. Qg2 Bf6 29. Ng5 Qxg2+ 30. Kxg2 e5 31. Ne6 Rc8 32. f5 h5 33. Ra1 c4 34. bxc4
bxc4 35. dxc4 Rxc4 36. Ra8+ Kf7 37. Ra7+ Ke8 38. Ra8+ Kd7 39. Ra2 e4 40. Ra7+
Kc8 41. Ra2 Kb7 42. Nf4 e3 43. Be1 Nh6 44. Nxh5 Nxf5 45. Kf3 Kb6 46. Nxf6 gxf6
47. Kf4 d3+ 48. Kxf5 dxc2 49. Rxc2 Rxc2 50. h5 Rc1 51. h6 Rxe1 52. h7 Rh1 53.
Kg6 e2 0-1

[Event "Open SSM Inverno"]
[Site "Milano ITA"]
[Date "2015.01.22"]
[Round "4"]
[White "Spina, Antonio"]
[Black "Colica, Daniele"]
[WhiteElo "1467"]
[BlackElo "1705"]
[Result "1/2-1/2"]
[PlyCount "70"]
[EventDate "2015.02.05"]

1. e4 b6 2. d4 Bb7 3. Bd3 e6 4. Nf3 Nf6 5. Nbd2 c5 6. c3 Nc6 7. e5 Nd5 8. Ne4
Qc7 9. a3 f5 10. exf6 Nxf6 11. Qe2 Be7 12. Bd2 Nxe4 13. Bxe4 d5 14. Bd3 c4 15.
Bc2 Bc8 16. Ba4 O-O 17. Bxc6 Qxc6 18. Ne5 Qe8 19. Qg4 Bf6 20. O-O Bxe5 21. dxe5
Rf5 22. f4 Qb5 23. Rab1 Bd7 24. Be3 Be8 25. Qh3 Bg6 26. g4 Rff8 27. f5 exf5 28.
gxf5 Be8 29. Rf2 d4 30. Bxd4 Bc6 31. Kf1 Qd5 32. Re1 Qh1+ 33. Ke2 Qe4+ 34. Kf1
Qh1+ 35. Ke2 Qe4+ 1/2-1/2

[Event "Open SSM Inverno"]
[Site "Milano ITA"]
[Date "2015.01.27"]
[Round "5"]
[White "Aloe, Giancarlo"]
[Black "Papale, Carmelo"]
[WhiteElo "1631"]
[BlackElo "1799"]
[Result "0-1"]
[PlyCount "130"]
[EventDate "2015.02.05"]

1. d4 Nf6 2. Nf3 b5 3. g3 Bb7 4. Bg2 e6 5. O-O Be7 6. b3 d6 7. Bb2 Nbd7 8. Nbd2
O-O 9. c4 a6 10. Qc2 c5 11. e4 cxd4 12. Nxd4 Rc8 13. Rac1 bxc4 14. bxc4 Qb6 15.
Qb3 Qa7 16. Rfd1 Nc5 17. Qe3 Ng4 18. Qe2 Ne5 19. N2b3 Na4 20. Ba1 Nb6 21. Na5
Ba8 22. Bh3 Rc5 23. Ndb3 Rc7 24. Bd4 Qb8 25. c5 Nbd7 26. cxd6 Bxd6 27. f4 Ng6
28. Bf2 Ba3 29. Rxc7 Qxc7 30. f5 exf5 31. Bxf5 Nge5 32. Nc4 Qxc4 33. Qxc4 Nxc4
34. Rxd7 g6 35. Bh3 Ne5 36. Rd1 Bxe4 37. Bg2 Nf3+ 38. Kh1 Re8 39. Bc5 Bb2 40.
Rf1 Ng5 41. Bxe4 Rxe4 42. Rf2 Bg7 43. Kg2 Re1 44. Rd2 Re8 45. Bd4 Ne4 46. Re2
f5 47. h4 Kf7 48. Bxg7 Kxg7 49. Nc5 a5 50. g4 Kf6 51. gxf5 gxf5 52. Kf3 Nd6 53.
Nd7+ Kg6 54. Rg2+ Kf7 55. Kf4 Re4+ 56. Kf3 Rxh4 57. Ne5+ Ke6 58. Nc6 a4 59.
Re2+ Kf6 60. Nd8 Ne4 61. Nc6 Rh3+ 62. Kf4 Ng5 63. Nd4 Rd3 64. Nxf5 Rf3+ 65. Kg4
Rxf5 0-1

[Event "Open SSM Inverno"]
[Site "Milano ITA"]
[Date "2015.03.27"]
[Round "5"]
[White "Bracco, Valter"]
[Black "Casamassima, Paolo"]
[WhiteElo "1458"]
[BlackElo "1709"]
[Result "0-1"]
[PlyCount "52"]
[EventDate "2015.02.05"]

1. e4 c5 2. Nc3 e6 3. g3 Nc6 4. Bg2 Nf6 5. f4 d6 6. d3 a6 7. h3 Be7 8. Be3 Qc7
9. Nf3 b5 10. e5 Nd7 11. d4 d5 12. O-O O-O 13. Qe2 cxd4 14. Nxd4 Bc5 15. Nxc6
Bxe3+ 16. Qxe3 Qxc6 17. Kh2 Bb7 18. f5 Qc7 19. Rae1 Kh8 20. f6 gxf6 21. exf6
Rg8 22. Re2 Rg6 23. Ref2 Rag8 24. Kh1 Rxg3 25. Re2 b4 26. Nd1 d4 0-1

[Event "Open SSM Inverno"]
[Site "Milano ITA"]
[Date "2015.01.27"]
[Round "5"]
[White "Colica, Daniele"]
[Black "Rottondi, Paolo"]
[WhiteElo "1705"]
[BlackElo "1594"]
[Result "0-1"]
[PlyCount "56"]
[EventDate "2015.02.05"]

1. Nf3 f5 2. e4 fxe4 3. Ng5 Nf6 4. d3 d6 5. Nc3 Bg4 6. Be2 Bxe2 7. Qxe2 exd3 8.
Qxd3 Nc6 9. f4 Qd7 10. O-O O-O-O 11. Nf7 Re8 12. Nxh8 e5 13. Nd5 e4 14. Nxf6
gxf6 15. Qd5 Re7 16. Qh5 f5 17. Be3 Bg7 18. Ng6 hxg6 19. Qxg6 Bxb2 20. Rab1 Bd4
21. Bxd4 Nxd4 22. Qg8+ Re8 23. Qc4 Qg7 24. Kh1 Rg8 25. Rg1 b5 26. Qf1 Rh8 27.
c3 Qg3 28. h3 Nf3 0-1

[Event "Open SSM Inverno"]
[Site "Milano ITA"]
[Date "2015.01.27"]
[Round "5"]
[White "Di Paola, Antonio"]
[Black "Spina, Antonio"]
[WhiteElo "1717"]
[BlackElo "1467"]
[Result "0-1"]
[PlyCount "66"]
[EventDate "2015.02.05"]

1. d4 e6 2. c4 Nf6 3. Nf3 b6 4. g3 Bb7 5. Bg2 Be7 6. O-O d5 7. cxd5 Bxd5 8. Nc3
Bb7 9. Re1 O-O 10. e4 Na6 11. Be3 Nxe4 12. Nxe4 Bxe4 13. Bf4 Bd5 14. a3 c5 15.
Qd3 c4 16. Qd2 Rc8 17. Rac1 Nc7 18. Ne5 b5 19. Qa5 Bxg2 20. Kxg2 Qd5+ 21. Kg1
a6 22. Nxc4 bxc4 23. Bxc7 Qxd4 24. Be5 Qa7 25. Qa4 Bc5 26. Re2 Rfd8 27. Rxc4
Qb7 28. Qc2 Qd5 29. h4 Bxf2+ 30. Rxf2 Rxc4 31. Qe2 Rc1+ 32. Rf1 Qc5+ 33. Kg2
Rc2 0-1

[Event "Open SSM Inverno"]
[Site "Milano ITA"]
[Date "2015.01.27"]
[Round "5"]
[White "Frignani, Alessandro"]
[Black "Colombo, Abner"]
[WhiteElo "1378"]
[BlackElo "1307"]
[Result "1-0"]
[PlyCount "41"]
[EventDate "2015.02.05"]

1. e4 c6 2. d4 d5 3. e5 c5 4. c3 Nc6 5. Be3 e6 6. f4 b6 7. Nf3 Bb7 8. Nbd2 Be7
9. g3 Nh6 10. Bh3 Qd7 11. Qc2 O-O 12. g4 c4 13. Ke2 Kh8 14. Rag1 Ng8 15. f5 g6
16. f6 Bd8 17. Nf1 b5 18. Qd2 Ba5 19. Bh6 Nxh6 20. Qxh6 Rg8 21. Ng5 1-0

[Event "Open SSM Inverno"]
[Site "Milano ITA"]
[Date "2015.01.27"]
[Round "5"]
[White "Mariano, Elia"]
[Black "Astengo, Corrado"]
[WhiteElo "2229"]
[BlackElo "2123"]
[Result "1-0"]
[PlyCount "111"]
[EventDate "2015.02.05"]

1. d4 d5 2. c4 c6 3. Nf3 e6 4. e3 Nf6 5. b3 Bb4+ 6. Nbd2 O-O 7. Bd3 c5 8. O-O
cxd4 9. exd4 Bc3 10. Rb1 Nc6 11. Bb2 Qa5 12. Qc1 Bxb2 13. Rxb2 Bd7 14. Qb1 Qb6
15. c5 Qc7 16. Re1 Qf4 17. g3 Qh6 18. b4 a6 19. Bf1 Na7 20. Ne5 Bb5 21. Bxb5
Nxb5 22. Qd3 Qh5 23. a4 Nc7 24. f4 Qf5 25. Qe2 Rfd8 26. Rf1 h5 27. Ndf3 Ne4 28.
Nh4 Qh7 29. f5 exf5 30. Rxf5 Nf6 31. Qd3 Ne6 32. Nxf7 Re8 33. Rbf2 Re7 34. Ne5
Qh6 35. Nhg6 Ree8 36. Nf4 h4 37. Nxe6 Rxe6 38. Rf1 Rae8 39. g4 Ne4 40. Rh5 Qd2
41. Qxd2 Nxd2 42. Rd1 Nb3 43. Rxh4 Nxd4 44. Rxd4 Rxe5 45. Rh3 Re2 46. Rf3 Ra2
47. Rf2 Rxa4 48. Rfd2 Re4 49. Rxe4 dxe4 50. Rb2 a5 51. b5 Rc4 52. c6 b6 53. Kf2
Rc3 54. Re2 Rc4 55. Ke3 g5 56. Rd2 1-0

[Event "Open SSM Inverno"]
[Site "Milano ITA"]
[Date "2015.01.27"]
[Round "5"]
[White "Pasini, Nicolo'"]
[Black "Baccarin, Stefano"]
[WhiteElo "1644"]
[BlackElo "1673"]
[Result "1-0"]
[PlyCount "29"]
[EventDate "2015.02.05"]

1. e4 c5 2. Nf3 d6 3. d4 cxd4 4. Nxd4 Nf6 5. Nc3 a6 6. Bc4 e6 7. Qe2 Be7 8. Be3
Nbd7 9. Bxe6 O-O 10. Bb3 Nb6 11. O-O-O Qc7 12. Nf5 Bxf5 13. exf5 Rfd8 14. Bxb6
Qxb6 15. Qxe7 1-0

[Event "Open SSM Inverno"]
[Site "Milano ITA"]
[Date "2015.01.27"]
[Round "5"]
[White "Pipitone, Filippo Massimo"]
[Black "Fattori, Arnaldo"]
[WhiteElo "1545"]
[BlackElo "1478"]
[Result "1-0"]
[PlyCount "47"]
[EventDate "2015.02.05"]

1. d4 g6 2. c4 Bg7 3. Nc3 Nh6 4. e4 O-O 5. Nf3 d6 6. Be2 Bg4 7. h3 Bxf3 8. Bxf3
Nc6 9. Be3 f5 10. Qd2 Nf7 11. exf5 gxf5 12. O-O Qd7 13. Rad1 e5 14. dxe5 Nfxe5
15. Bd5+ Kh8 16. Rfe1 a6 17. Ne2 Rab8 18. Nf4 Rfe8 19. Nh5 Nf7 20. Nxg7 Kxg7
21. Qc3+ Nce5 22. f4 c6 23. Bxf7 Kxf7 24. fxe5 1-0

[Event "Open SSM Inverno"]
[Site "Milano ITA"]
[Date "2015.01.27"]
[Round "5"]
[White "Pollio, Ciro"]
[Black "Pelizzola, Danilo"]
[WhiteElo "1785"]
[BlackElo "2053"]
[Result "0-1"]
[PlyCount "94"]
[EventDate "2015.02.05"]

1. d4 Nf6 2. c4 e6 3. a3 c5 4. e3 Nc6 5. Nf3 d5 6. Nc3 Be7 7. dxc5 Bxc5 8. b4
Be7 9. Bb2 O-O 10. cxd5 exd5 11. h3 Be6 12. Bd3 Rc8 13. O-O Qd6 14. Rc1 Rfd8
15. Nb5 Qd7 16. Qe2 Ne4 17. Rfd1 Qe8 18. Nbd4 Bd6 19. Qe1 Qe7 20. Rc2 Bd7 21.
Rdc1 Re8 22. Nb5 Bb8 23. Nc3 Nf6 24. Ne2 Ne4 25. b5 Ne5 26. Nxe5 Rxc2 27. Rxc2
Bxe5 28. Bxe5 Qxe5 29. Bxe4 Qxe4 30. Rb2 Qg6 31. Nf4 Qf6 32. Qd2 Be6 33. Ne2
Rc8 34. Nd4 Qd8 35. Rc2 Qd7 36. Rxc8+ Qxc8 37. Qc2 Qxc2 38. Nxc2 Kf8 39. Kf1
Ke7 40. Ke2 Kd6 41. Nd4 Bd7 42. Kd3 Kc5 43. Kc3 Bxb5 44. Nb3+ Kd6 45. Kd4 Bf1
46. Na5 b6 47. Nb3 Bxg2 0-1

[Event "Open SSM Inverno"]
[Site "Milano ITA"]
[Date "2015.01.27"]
[Round "5"]
[White "Silari, Andrea"]
[Black "Marchesotti, Giovanni"]
[WhiteElo "1719"]
[BlackElo "1479"]
[Result "1-0"]
[PlyCount "57"]
[EventDate "2015.02.05"]

1. e4 d6 2. d4 g6 3. Nc3 Bg7 4. Bc4 Nf6 5. Bb3 Nbd7 6. Nf3 O-O 7. O-O c6 8. a4
a5 9. e5 dxe5 10. dxe5 Nd5 11. Nxd5 cxd5 12. Bf4 e6 13. c3 b6 14. Qd2 Ba6 15.
Rfe1 Rc8 16. Bh6 Nc5 17. Bc2 Bc4 18. Bxg7 Kxg7 19. Nd4 Ba6 20. Re3 h5 21. Rg3
Rh8 22. Re1 Qe7 23. f4 Ne4 24. Bxe4 dxe4 25. Rxe4 Bb7 26. f5 Qc5 27. f6+ Kh7
28. Rh4 Rhg8 29. Qg5 1-0

[Event "Open SSM Inverno"]
[Site "Milano ITA"]
[Date "2015.01.27"]
[Round "5"]
[White "Villalba, Fernando"]
[Black "Ciciotti, Augusto"]
[WhiteElo "1833"]
[BlackElo "1882"]
[Result "1-0"]
[PlyCount "55"]
[EventDate "2015.02.05"]

1. d4 Nf6 2. Nf3 g6 3. Bf4 Bg7 4. e3 d6 5. h3 O-O 6. c3 Nbd7 7. Be2 b6 8. Nbd2
Bb7 9. O-O c5 10. Rc1 Re8 11. Bh2 e5 12. dxe5 dxe5 13. Nc4 Ne4 14. Nd6 Nxd6 15.
Qxd6 Bf8 16. Qd1 a6 17. a4 Qe7 18. Bg3 e4 19. Nd2 Ne5 20. Qc2 f5 21. Nc4 Nd7
22. Nd6 Reb8 23. Rcd1 Ne5 24. Qb3+ Kg7 25. Bxe5+ Qxe5 26. Qf7+ Kh6 27. Nxb7 Ra7
28. Rd7 1-0

[Event "Open SSM Inverno"]
[Site "Milano ITA"]
[Date "2015.01.29"]
[Round "6"]
[White "Astengo, Corrado"]
[Black "Pasini, Nicolo'"]
[WhiteElo "2123"]
[BlackElo "1644"]
[Result "1/2-1/2"]
[PlyCount "40"]
[EventDate "2015.02.05"]

1. e4 c5 2. Nf3 a6 3. Nc3 e6 4. d4 cxd4 5. Nxd4 Qc7 6. Bd3 Nf6 7. O-O b5 8. Kh1
Bb7 9. a3 h5 10. f4 Bc5 11. Nb3 Ba7 12. Qe1 Ng4 13. Qh4 f6 14. e5 Qb6 15. Bg6+
Kf8 16. Be4 Bxe4 17. Nxe4 f5 18. Nd6 g5 19. fxg5 Nf2+ 20. Kg1 Nh3+ 1/2-1/2

[Event "Open SSM Inverno"]
[Site "Milano ITA"]
[Date "2015.01.29"]
[Round "6"]
[White "Baccarin, Stefano"]
[Black "Pipitone, Filippo Massimo"]
[WhiteElo "1673"]
[BlackElo "1545"]
[Result "1/2-1/2"]
[PlyCount "66"]
[EventDate "2015.02.05"]

1. e4 c5 2. Nc3 Nc6 3. g3 g6 4. Bg2 Bg7 5. f4 d6 6. Nf3 e6 7. O-O Nge7 8. Ne2
O-O 9. c3 e5 10. d3 Rb8 11. Be3 b6 12. Qd2 Ba6 13. Nh4 exf4 14. gxf4 Bf6 15.
Nf3 Bg7 16. Ng3 f5 17. Ng5 Bc8 18. exf5 gxf5 19. Nh5 Bh8 20. Qf2 d5 21. Qh4 h6
22. Nf3 Ng6 23. Qg3 Kh7 24. Ne5 Ncxe5 25. fxe5 Bxe5 26. Bf4 Bxf4 27. Nxf4 Nxf4
28. Qxf4 Bb7 29. Rae1 Qd7 30. Re5 Qg7 31. Rxf5 Rxf5 32. Qxf5+ Kh8 33. Kh1 Rg8
1/2-1/2

[Event "Open SSM Inverno"]
[Site "Milano ITA"]
[Date "2015.01.29"]
[Round "6"]
[White "Casamassima, Paolo"]
[Black "Colica, Daniele"]
[WhiteElo "1709"]
[BlackElo "1705"]
[Result "0-1"]
[PlyCount "66"]
[EventDate "2015.02.05"]

1. d4 Nf6 2. c4 e6 3. Nf3 Bb4+ 4. Bd2 Qe7 5. a3 Bxd2+ 6. Nbxd2 d5 7. e3 O-O 8.
Be2 c5 9. O-O Nc6 10. cxd5 Nxd5 11. dxc5 Qxc5 12. Rc1 Qe7 13. Nc4 Rd8 14. Qb3
b6 15. Nce5 Na5 16. Qc2 Bb7 17. b4 Rac8 18. Qb2 Nc6 19. Nxc6 Bxc6 20. Nd4 Qf6
21. Bf3 Bb7 22. Rxc8 Rxc8 23. Qd2 Qe7 24. h3 Nc3 25. Bxb7 Qxb7 26. Qd3 h6 27.
Rc1 Nd5 28. Rxc8+ Qxc8 29. Nb5 a6 30. Nd6 Qc1+ 31. Qf1 Qxa3 32. b5 Qxd6 33.
bxa6 Qa3 0-1

[Event "Open SSM Inverno"]
[Site "Milano ITA"]
[Date "2015.01.29"]
[Round "6"]
[White "Ciciotti, Augusto"]
[Black "Marchesotti, Giovanni"]
[WhiteElo "1882"]
[BlackElo "1479"]
[Result "1-0"]
[PlyCount "109"]
[EventDate "2015.02.05"]

1. d4 Nf6 2. c4 e6 3. g3 d5 4. Bg2 Be7 5. Nf3 Nbd7 6. O-O O-O 7. Qc2 Ne4 8.
Nfd2 Nxd2 9. Nxd2 c6 10. e4 dxe4 11. Nxe4 Nf6 12. Rd1 Nxe4 13. Bxe4 g6 14. Be3
Qc7 15. h4 f5 16. Bf4 Bd6 17. Bxd6 Qxd6 18. Bf3 f4 19. Kg2 e5 20. c5 Qe6 21. g4
e4 22. Qxe4 Qxe4 23. Bxe4 Bxg4 24. f3 Bf5 25. d5 cxd5 26. Bxd5+ Kg7 27. Bxb7
Rab8 28. c6 Kh6 29. Rd2 Bc8 30. Bxc8 Rbxc8 31. Rc1 Rf6 32. Rdc2 g5 33. hxg5+
Kxg5 34. Rc5+ Rf5 35. b4 Rxc5 36. Rxc5+ Kf6 37. b5 Ke6 38. a4 Kd6 39. Rf5 a6
40. Rxf4 axb5 41. axb5 Rb8 42. Rb4 Kc5 43. c7 Rg8+ 44. Rg4 Rc8 45. Rg7 Kxb5 46.
Rxh7 Kc6 47. Kg3 Rxc7 48. Rxc7+ Kxc7 49. Kf4 Kd7 50. Kf5 Ke7 51. Kg6 Kf8 52.
Kf6 Ke8 53. f4 Kf8 54. f5 Ke8 55. Kg7 1-0

[Event "Open SSM Inverno"]
[Site "Milano ITA"]
[Date "2015.01.29"]
[Round "6"]
[White "Di Paola, Antonio"]
[Black "Villalba, Fernando"]
[WhiteElo "1717"]
[BlackElo "1833"]
[Result "1/2-1/2"]
[PlyCount "62"]
[EventDate "2015.02.05"]

1. d4 d5 2. c4 c6 3. cxd5 cxd5 4. Nf3 Nf6 5. Nc3 g6 6. Bg5 Bg7 7. e3 O-O 8. Bd3
Nc6 9. O-O a6 10. Rc1 h6 11. Bh4 g5 12. Bg3 Nh5 13. Qb3 Nxg3 14. hxg3 e6 15.
Na4 Rb8 16. Rxc6 Bd7 17. Rcc1 h5 18. Nc5 Bc6 19. Qa3 f6 20. Bb1 Re8 21. Qd3 f5
22. Rfd1 h4 23. gxh4 gxh4 24. Nxe6 Rxe6 25. Qxf5 Qf6 26. Qh7+ Kf7 27. Ne5+ Rxe5
28. dxe5 Qxe5 29. Qf5+ Qxf5 30. Bxf5 Rd8 31. f3 Bxb2 1/2-1/2

[Event "Open SSM Inverno"]
[Site "Milano ITA"]
[Date "2015.01.29"]
[Round "6"]
[White "Fattori, Arnaldo"]
[Black "Colombo, Abner"]
[WhiteElo "1478"]
[BlackElo "1307"]
[Result "0-1"]
[PlyCount "64"]
[EventDate "2015.02.05"]

1. d4 f5 2. c4 Nf6 3. Nc3 e6 4. Bg5 Be7 5. Qc2 O-O 6. e3 b6 7. f3 Bb7 8. O-O-O
Qe8 9. Bf4 Na6 10. a3 Qg6 11. Nh3 Rad8 12. Rg1 c5 13. Nb5 cxd4 14. Nxd4 Bd5 15.
Kb1 Rc8 16. Qa4 Nc5 17. Qc2 Nce4 18. Ka1 Nd6 19. Bxd6 Bxd6 20. Nb5 Ne8 21. Nxd6
Nxd6 22. Nf4 Qf6 23. Nxd5 exd5 24. Rxd5 Nb7 25. Rxd7 Na5 26. Be2 b5 27. c5 Rxc5
28. Qd1 Rfc8 29. Ka2 Rc2 30. Qb1 Rxe2 31. Rc1 Qe6+ 32. Ka1 Nb3+ 0-1

[Event "Open SSM Inverno"]
[Site "Milano ITA"]
[Date "2015.01.29"]
[Round "6"]
[White "Giaretta, Fulvio"]
[Black "Mariano, Elia"]
[WhiteElo "1818"]
[BlackElo "2229"]
[Result "0-1"]
[PlyCount "68"]
[EventDate "2015.02.05"]

1. e4 c6 2. d4 d5 3. Nc3 dxe4 4. Nxe4 Bf5 5. Ng3 Bg6 6. h4 h6 7. h5 Bh7 8. Bd3
Qxd4 9. Nf3 Qd8 10. Rh4 Bxd3 11. Rd4 Nd7 12. Qxd3 Ngf6 13. Be3 e6 14. O-O-O Bc5
15. Rc4 Bxe3+ 16. Qxe3 Qa5 17. Qb3 O-O 18. Ra4 Qc7 19. Rh4 Rad8 20. Ne2 Nc5 21.
Qc4 Rxd1+ 22. Kxd1 Rd8+ 23. Kc1 Ncd7 24. Qc3 Qb6 25. Qd2 Qc5 26. Ng3 Qd5 27. b3
c5 28. Qe2 Qc6 29. Ne1 b5 30. f3 Nb6 31. Nd3 c4 32. Ne5 Qc5 33. Kb1 c3 34. b4
Qxe5 0-1

[Event "Open SSM Inverno"]
[Site "Milano ITA"]
[Date "2015.01.29"]
[Round "6"]
[White "Pelizzola, Danilo"]
[Black "Spina, Antonio"]
[WhiteElo "2053"]
[BlackElo "1467"]
[Result "1-0"]
[PlyCount "105"]
[EventDate "2015.02.05"]

1. e4 e5 2. Nf3 Nc6 3. Bb5 d6 4. d4 exd4 5. Nxd4 Bd7 6. O-O Nxd4 7. Bxd7+ Qxd7
8. Qxd4 c5 9. Qd3 Be7 10. c4 Nf6 11. Nc3 O-O 12. Be3 b6 13. Rad1 a6 14. Nd5
Nxd5 15. Qxd5 Kh8 16. b3 f6 17. f3 Rg8 18. Rfe1 g5 19. g4 Rad8 20. Kg2 Rg7 21.
Bf2 h5 22. h3 h4 23. Re2 Bf8 24. Bg1 Re7 25. Bh2 Re6 26. Red2 Qe7 27. a3 a5 28.
Qd3 Qc7 29. Qc2 Qc6 30. a4 Kg7 31. Rd5 Be7 32. R1d3 Kg6 33. Qd2 Kh6 34. Bg1 Re5
35. Bf2 Kg6 36. Re3 Rd7 37. Qd3 Bf8 38. Re2 Be7 39. Be1 Kg7 40. Bc3 Rxd5 41.
exd5 Qc8 42. Qf5 Qd8 43. Qxg5+ Kf7 44. Qh5+ Kg7 45. Re6 Qf8 46. g5 Kg8 47. g6
Qg7 48. f4 Qh8 49. Qxh8+ Kxh8 50. Rxe7 Rxe7 51. Bxf6+ Kg8 52. Bxe7 Kg7 53. f5
1-0